Corporate Law (Negotiable Instruments and Partnerships) / (Record no. 613061)
[ view plain ]
| 000 -LEADER | |
|---|---|
| fixed length control field | 00393nam a22001337a 4500 |
| 082 ## - DEWEY DECIMAL CLASSIFICATION NUMBER | |
| Classification number | 346.73066 |
| Author Mark | NYA |
| 100 ## - MAIN ENTRY--PERSONAL NAME | |
| Personal name | Nyazee, Imran Ahsan Khan |
| 245 ## - TITLE STATEMENT | |
| Title | Corporate Law (Negotiable Instruments and Partnerships) / |
| Statement of responsibility, etc. | Imran Ahsan Khan Nyazee. |
| 260 ## - PUBLICATION, DISTRIBUTION, ETC. | |
| Place of publication, distribution, etc. | Islamabad: |
| Name of publisher, distributor, etc. | Advance Legal Studies Institute, |
| Date of publication, distribution, etc. | 2022. |
| 300 ## - PHYSICAL DESCRIPTION | |
| Extent | 689p. ; |
| 563 ## - BINDING INFORMATION | |
| Binding note | HB |
| 650 ## - SUBJECT ADDED ENTRY--TOPICAL TERM | |
| Topical term or geographic name entry element | Law |
| 942 ## - ADDED ENTRY ELEMENTS (KOHA) | |
| Source of classification or shelving scheme | |
| Koha item type | Book |
| 650 ## - SUBJECT ADDED ENTRY--TOPICAL TERM | |
| -- | 35302 |
| Withdrawn status | Lost status | Source of classification or shelving scheme | Damaged status | Not for loan | Permanent Location | Current Location | Date acquired | Total Checkouts | Full call number | Barcode | Checked out | Date last seen | Date last checked out | Price effective from | Koha item type |
|---|---|---|---|---|---|---|---|---|---|---|---|---|---|---|---|
| NUST Law School (NLS) | NUST Law School (NLS) | 03/03/2025 | 1 | 346.73066 NYA | NLS-673 | 03/27/2026 | 02/25/2026 | 02/25/2026 | 03/03/2025 | Book | |||||
| NUST Law School (NLS) | NUST Law School (NLS) | 03/03/2025 | 2 | 346.73066 NYA | NLS-674 | 03/25/2026 | 02/23/2026 | 02/23/2026 | 03/03/2025 | Book | |||||
| NUST Law School (NLS) | NUST Law School (NLS) | 03/03/2025 | 2 | 346.73066 NYA | NLS-675 | 12/12/2025 | 05/05/2025 | 03/03/2025 | Book |
